[Event "4NCL Division 1a"]
[Site "Birmingham, ENG ENG"]
[Date "2016.01.24"]
[Round "4.137"]
[White "Jackson, Sheila"]
[Black "Lauridsen, Jesper Morch"]
[Result "1/2-1/2"]
[WhiteElo "2144"]
[BlackElo "2320"]
[PlyCount "184"]
[EventDate "2016.01.24"]
[WhiteTeam "Spirit of Atticus A"]
[BlackTeam "Wood Green HK"]

1. e4 c5 2. c3 d5 3. exd5 Qxd5 4. d4 Nf6 5. Nf3 e6 6. Be3 cxd4 7. cxd4 Bd7 8.
Nc3 Bb4 9. Bd3 O-O 10. O-O Bxc3 11. bxc3 Bb5 12. Bxb5 Qxb5 13. Rb1 Qa6 14. Qb3
b6 15. Ne5 Nbd7 16. Nxd7 Nxd7 17. c4 Rac8 18. Rbc1 e5 19. dxe5 Nxe5 20. Qb5
Qxb5 21. cxb5 Nc4 22. Rc3 Nd6 23. Rxc8 Rxc8 24. a4 Kf8 25. Rd1 Ke7 26. Kf1 Rc4
27. Rd4 Ke6 28. Rxc4 Nxc4 29. Bd4 f6 30. Ke2 Kd5 31. Kd3 Na5 32. Be3 Nb7 33.
Kc3 Ke4 34. Bd4 Nd6 35. f3+ Kd5 36. Bf2 Nc4 37. Bg1 g5 38. Bd4 f5 39. Bf6 g4
40. fxg4 fxg4 41. Bg5 Nd6 42. Bf4 Ne4+ 43. Kb4 Nc5 44. Bb8 a5+ 45. Ka3 Kc4 46.
Bc7 Nd7 47. h3 gxh3 48. gxh3 Kc3 49. h4 Kc2 50. h5 Kc3 51. h6 Kc2 52. Ka2 Kc3
53. Ka3 Kc4 54. Bf4 Nf6 55. Bc7 Nd5 56. Bd8 Kc3 57. Bg5 Kc2 58. Ka2 Nc3+ 59.
Ka3 Ne4 60. Bd8 Nd6 61. Ka2 Nc4 62. Bf6 Ne3 63. Bd4 Nd5 64. Be5 Ne3 65. Bd4 Nc4
66. Bf6 Kd3 67. Kb3 Nd2+ 68. Ka2 Kc4 69. Bd8 Kb4 70. Bxb6 Kxa4 71. Be3 Nc4 72.
b6 Nd6 73. Bc5 Nb7 74. Bd4 Kb5 75. Kb3 Nd6 76. Be5 Ne4 77. Bc7 Nc5+ 78. Ka3 Kc6
79. Bd8 Kb7 80. Bc7 Nd7 81. Kb3 Nc5+ 82. Kc4 Kc6 83. Bd8 Ne4 84. Kb3 Kb5 85.
Ka3 Nd6 86. Kb3 a4+ 87. Ka2 Nb7 88. Bc7 Kb4 89. Bf4 Kb5 90. Bc7 Na5 91. Bd8 Nb7
92. Bc7 Na5 1/2-1/2

[Event "4NCL Division 1a"]
[Site "Birmingham, ENG ENG"]
[Date "2016.01.24"]
[Round "4.138"]
[White "Hegarty, Sarah N"]
[Black "Ackley, Peter J E"]
[Result "1/2-1/2"]
[WhiteElo "2108"]
[BlackElo "2110"]
[PlyCount "77"]
[EventDate "2016.01.24"]
[WhiteTeam "Wood Green HK"]
[BlackTeam "Spirit of Atticus A"]

1. e4 g6 2. d4 d6 3. Nf3 Bg7 4. Bc4 e6 5. Nc3 a6 6. a4 b6 7. O-O Ne7 8. Be3 h6
9. Qd2 Nd7 10. h3 Bb7 11. Nh2 Nf6 12. Bd3 c5 13. dxc5 dxc5 14. b3 Nc6 15. f4
Nb4 16. Nf3 Qc7 17. f5 exf5 18. Bf4 Qd8 19. exf5 Nxd3 20. cxd3 g5 21. Rae1+ Kf8
22. Be5 Nd5 23. Bxg7+ Kxg7 24. Nxd5 Bxd5 25. f6+ Qxf6 26. Ne5 Qd6 27. Qc3 f6
28. Ng4 Rhf8 29. Rf2 h5 30. Ne3 Be6 31. Nc2 Ra7 32. Ref1 Raf7 33. d4 cxd4 34.
Nxd4 Bd7 35. Qd3 Qc5 36. Rc2 Qe5 37. Re2 Qc5 38. Rc2 Qe5 39. Re2 1/2-1/2

[Event "4NCL Division 1a"]
[Site "Birmingham, ENG ENG"]
[Date "2016.01.24"]
[Round "4.141"]
[White "Bauer, Christian"]
[Black "Brown, Martin"]
[Result "1-0"]
[WhiteElo "2619"]
[BlackElo "2216"]
[PlyCount "87"]
[EventDate "2016.01.24"]
[WhiteTeam "3Cs 1"]
[BlackTeam "White Rose 2"]

1. d4 Nf6 2. c4 g6 3. Nf3 Bg7 4. e3 O-O 5. Be2 d6 6. O-O Nc6 7. d5 Nb8 8. Nc3
e5 9. e4 Ne8 10. Ne1 f5 11. Nd3 Nd7 12. exf5 gxf5 13. f4 e4 14. Nf2 Nc5 15. Be3
Qe7 16. Qd2 a5 17. Rae1 Nf6 18. Bd1 c6 19. a3 cxd5 20. cxd5 Bd7 21. Bc2 Qf7 22.
Bd4 b5 23. b4 axb4 24. axb4 Na6 25. Rb1 Rfc8 26. Bb3 Be8 27. Ne2 Qd7 28. Ng3
Bg6 29. Nd1 Ng4 30. Ne2 Nf6 31. Ne3 Kf8 32. Bb2 Nc7 33. Nd4 Ke8 34. Rbc1 Bh8
35. Rc6 Ng8 36. Ndxf5 Bxf5 37. Bxh8 Ne7 38. Bf6 Ra3 39. Bxe7 Rxb3 40. Rxd6 Qxe7
41. Nxf5 Qf8 42. Qc2 Rd3 43. Qc6+ Kf7 44. Rf6+ 1-0

[Event "4NCL Division 1a"]
[Site "Birmingham, ENG ENG"]
[Date "2016.01.24"]
[Round "4.142"]
[White "Weaving, Richard"]
[Black "Gordon, Stephen J"]
[Result "0-1"]
[WhiteElo "2246"]
[BlackElo "2493"]
[PlyCount "126"]
[EventDate "2016.01.24"]
[WhiteTeam "White Rose 2"]
[BlackTeam "3Cs 1"]

1. e4 c5 2. Nf3 d6 3. d4 cxd4 4. Nxd4 Nf6 5. Nc3 a6 6. Be3 e5 7. Nb3 Be6 8. f3
h5 9. Qd2 Nbd7 10. Nd5 Bxd5 11. exd5 Be7 12. Be2 Qb8 13. O-O Bd8 14. Na5 Bb6
15. Bxb6 Nxb6 16. c4 Qc7 17. b4 O-O 18. Rac1 Rae8 19. Kh1 Nbd7 20. c5 dxc5 21.
bxc5 Nxc5 22. d6 Qb6 23. Rb1 Qa7 24. Qe3 Nd5 25. Bc4 b6 26. Qf2 Qa8 27. Qd2 Nf6
28. Rxb6 Rc8 29. Rd1 e4 30. fxe4 Qxe4 31. Rb4 Qf5 32. Rf1 Qe5 33. Qf4 Qc3 34.
Rf3 Qxb4 35. Bxf7+ Rxf7 36. Qxb4 Nd3 37. Qa3 Rc1+ 38. Qxc1 Nxc1 39. Rc3 Nxa2
40. Rc8+ Kh7 41. Rc7 Rd7 42. Nc4 Nb4 43. Kg1 Nbd5 44. Rc6 Ra7 45. Rc5 Rb7 46.
g3 Rb1+ 47. Kg2 Nb6 48. Ne3 Nbd7 49. Rc7 a5 50. h3 a4 51. g4 a3 52. Ra7 Rb2+
53. Kf3 hxg4+ 54. hxg4 a2 55. g5 Ne8 56. Nc4 Rc2 57. Ne3 Rd2 58. Nc4 Rd4 59.
Ne3 Ne5+ 60. Kg3 Re4 61. d7 Nxd7 62. Kf3 Nd6 63. Rxa2 Ne5+ 0-1

[Event "4NCL Division 1a"]
[Site "Birmingham, ENG ENG"]
[Date "2016.01.24"]
[Round "4.143"]
[White "Ashton, Adam G"]
[Black "Burnett, Jim"]
[Result "1-0"]
[WhiteElo "2390"]
[BlackElo "2170"]
[PlyCount "51"]
[EventDate "2016.01.24"]
[WhiteTeam "3Cs 1"]
[BlackTeam "White Rose 2"]

1. e4 e6 2. d3 d5 3. Nd2 Nf6 4. g3 Be7 5. Bg2 O-O 6. Ngf3 c5 7. O-O Nc6 8. Re1
b5 9. e5 Nd7 10. Nf1 a5 11. h4 Ba6 12. N1h2 b4 13. Bf4 a4 14. Ng5 Qe8 15. Bh3
Bd8 16. a3 Bb5 17. axb4 cxb4 18. d4 Bb6 19. c3 bxc3 20. bxc3 h6 21. Nh7 Na5 22.
Nxf8 Nxf8 23. Ng4 Qc6 24. Qf3 Ra7 25. Bxh6 gxh6 26. Qf6 1-0

[Event "4NCL Division 1a"]
[Site "Birmingham, ENG ENG"]
[Date "2016.01.24"]
[Round "4.144"]
[White "Shaw, Peter"]
[Black "Congiu, Mathilde"]
[Result "1/2-1/2"]
[WhiteElo "2116"]
[BlackElo "2267"]
[PlyCount "64"]
[EventDate "2016.01.24"]
[WhiteTeam "White Rose 2"]
[BlackTeam "3Cs 1"]

1. d4 Nf6 2. c4 g6 3. Nc3 Bg7 4. e4 d6 5. Nf3 O-O 6. Be2 Nbd7 7. Be3 e5 8. d5
Ng4 9. Bg5 f6 10. Bh4 h5 11. Nd2 Nh6 12. f3 g5 13. Bf2 f5 14. b4 b6 15. Nb3 Nf6
16. h3 h4 17. Bd3 Nh5 18. Ne2 g4 19. hxg4 fxg4 20. Bxh4 Qe8 21. Bg5 gxf3 22.
gxf3 Rxf3 23. Ng1 Rg3 24. Qxh5 Rxg1+ 25. Kf2 Qxh5 26. Rxh5 Rxa1 27. Nxa1 Kh7
28. Be2 Kg6 29. Be3 Bd7 30. Rg5+ Kh7 31. Bh5 Rf8+ 32. Ke2 Bf6 1/2-1/2

[Event "4NCL Division 1a"]
[Site "Birmingham, ENG ENG"]
[Date "2016.01.24"]
[Round "4.145"]
[White "Abbas, Daniel"]
[Black "Sucikova, Svetlana"]
[Result "1-0"]
[WhiteElo "2245"]
[BlackElo "2177"]
[PlyCount "101"]
[EventDate "2016.01.24"]
[WhiteTeam "3Cs 1"]
[BlackTeam "White Rose 2"]

1. e4 c6 2. d4 d5 3. Nd2 dxe4 4. Nxe4 Bf5 5. Ng3 Bg6 6. h4 h6 7. Nf3 Nd7 8. h5
Bh7 9. Bd3 Bxd3 10. Qxd3 e6 11. Bd2 Ngf6 12. O-O-O Be7 13. Kb1 O-O 14. Ne4 Nxe4
15. Qxe4 Nf6 16. Qe2 Qd5 17. Be3 Rad8 18. Rhg1 Ng4 19. Bc1 Qf5 20. Ne5 Nxe5 21.
dxe5 Bc5 22. Rxd8 Rxd8 23. Rf1 Rd4 24. f4 Qe4 25. Qf3 Rc4 26. Qd3 Rd4 27. Qf3
Kf8 28. Be3 Qxf3 29. gxf3 Rc4 30. b3 Bxe3 31. bxc4 Bxf4 32. Re1 g6 33. Re4 Bh2
34. hxg6 fxg6 35. Rh4 Bxe5 36. Rxh6 Kg7 37. Rh4 g5 38. Re4 Kf6 39. c5 b6 40.
Ra4 Bb8 41. Ra6 bxc5 42. Rxc6 Kf5 43. Rxc5+ Kf4 44. c4 Kxf3 45. Rxg5 Ke4 46. c5
Kd4 47. c6 e5 48. Rg7 e4 49. c7 Bxc7 50. Rxc7 a5 51. Kc2 1-0

[Event "4NCL Division 1a"]
[Site "Birmingham, ENG ENG"]
[Date "2016.01.24"]
[Round "4.146"]
[White "O'driscoll, Kieran"]
[Black "Longson, Alexander"]
[Result "1-0"]
[WhiteElo "2069"]
[BlackElo "2320"]
[PlyCount "63"]
[EventDate "2016.01.24"]
[WhiteTeam "White Rose 2"]
[BlackTeam "3Cs 1"]

1. d4 Nf6 2. c4 c5 3. d5 e6 4. Nc3 exd5 5. cxd5 d6 6. e4 g6 7. Bd3 Bg7 8. Nge2
O-O 9. h3 a6 10. a4 Nbd7 11. O-O Qc7 12. Ng3 Re8 13. f4 Rb8 14. a5 c4 15. Bc2
b5 16. axb6 Rxb6 17. Qf3 Nc5 18. Ra2 Nfd7 19. e5 dxe5 20. f5 Nf6 21. Be3 Rb4
22. fxg6 fxg6 23. d6 Qxd6 24. Nce4 Ncxe4 25. Nxe4 Qe6 26. Nxf6+ Bxf6 27. Qxf6
Qxf6 28. Rxf6 Be6 29. Rxa6 Rxb2 30. Ba4 Ra2 31. Bxe8 Rxa6 32. Bh6 1-0

[Event "4NCL Division 1a"]
[Site "Birmingham, ENG ENG"]
[Date "2016.01.24"]
[Round "4.147"]
[White "Horton, Andrew P"]
[Black "Lewyk, Ihor"]
[Result "1-0"]
[WhiteElo "2294"]
[BlackElo "2048"]
[PlyCount "53"]
[EventDate "2016.01.24"]
[WhiteTeam "3Cs 1"]
[BlackTeam "White Rose 2"]

1. Nf3 c5 2. c4 Nc6 3. g3 g6 4. Bg2 Bg7 5. Nc3 e5 6. O-O Nge7 7. a3 a5 8. Ne1
d6 9. Nc2 Be6 10. Ne3 O-O 11. Rb1 Rb8 12. d3 Qd7 13. Bd2 Bh3 14. Bxh3 Qxh3 15.
b4 axb4 16. axb4 Nxb4 17. Nb5 Rfd8 18. Bxb4 cxb4 19. Rxb4 d5 20. cxd5 Nxd5 21.
Nxd5 Rxd5 22. Qb3 Rd7 23. Rc1 Bf8 24. Rbc4 b6 25. Nc3 b5 26. Rc6 Bh6 27. Rb1
1-0

[Event "4NCL Division 1a"]
[Site "Birmingham, ENG ENG"]
[Date "2016.01.24"]
[Round "4.148"]
[White "York-Andersen, Anna"]
[Black "Bentley, John L"]
[Result "0-1"]
[WhiteElo "1796"]
[BlackElo "2155"]
[PlyCount "128"]
[EventDate "2016.01.24"]
[WhiteTeam "White Rose 2"]
[BlackTeam "3Cs 1"]

1. e4 c5 2. Nf3 Nc6 3. Bb5 g6 4. Bxc6 dxc6 5. d3 Bg7 6. h3 b6 7. O-O e5 8. Be3
f6 9. Nc3 Nh6 10. Qd2 Nf7 11. Nh2 O-O 12. a4 f5 13. exf5 gxf5 14. f4 c4 15.
dxc4 Ba6 16. Rad1 Bxc4 17. Rf3 Qxd2 18. Rxd2 e4 19. Rg3 Kh8 20. Bd4 Bxd4+ 21.
Rxd4 Be6 22. Nf1 Rad8 23. Ne2 c5 24. Rxd8 Rxd8 25. Rc3 Kg7 26. Kf2 Kf6 27. Ne3
h5 28. a5 Nd6 29. axb6 axb6 30. Ra3 Nb5 31. Ra6 Rb8 32. Ra1 Rd8 33. b3 Rd7 34.
Rg1 h4 35. Ra1 Ra7 36. Rd1 Ra2 37. Ke1 Na3 38. Rd2 b5 39. Nc3 Ra1+ 40. Kf2 Rc1
41. Ne2 Ra1 42. Nc3 b4 43. Ncd5+ Kf7 44. g4 hxg3+ 45. Kxg3 Rg1+ 46. Kf2 Rc1 47.
Nb6 Rh1 48. Kg2 Rb1 49. Nbd5 Rb2 50. Nc7 Bxb3 51. Rd7+ Kf8 52. Rd8+ Ke7 53. Rd2
Nxc2 54. Ncd5+ Kf7 55. Nxc2 Rxc2 56. Rxc2 Bxc2 57. Ne3 b3 58. Nc4 Bd3 59. Nb2
c4 60. Na4 c3 61. Nxc3 b2 62. Kf2 b1=Q 63. Nxb1 Bxb1 64. h4 Kg6 0-1